Finales de la UEFA Champions League Femenina - Estadísticas

Estadísticas generales
  • Esta prueba ha sido intentada 189 veces
    17 desde el último reinicio
  • La puntuación promedio es 12 de 43
Estadísticas de respuestas
Campeón % Correcto
Barcelona
94%
Olympique Lyon
88%
Arsenal
75%
Chelsea
75%
PSG
69%
Craven Cottage, Londres
63%
Stamford Bridge, Londres
63%
Wolfsburgo
56%
Estadio del Restelo, Lisboa
44%
José Alvalade, Lisboa
44%
Groupama Arena, Budapest
38%
Olympiastadion, Múnich
38%
Stockholms Stadion, Estocolmo
38%
Ullevaal Stadion, Oslo
38%
Juventus Stadium, Turín
31%
San Mamés, Bilbao
31%
Cardiff City Stadium, Cardiff
25%
Friedrich-Ludwig-Jahn-Sportpark, Berlín
25%
Bornheimer Hang, Fráncfort
13%
Commerzbank-Arena, Fráncfort
13%
Djurgården
13%
Duisburgo
13%
Eintracht de Frankfurt
13%
Estadio Lobanovsky Dynamo, Kiev
13%
Fortuna Hjørring
13%
Gamla Ullevi, Gotemburgo
13%
Gammliavallen, Umeå
13%
MSV-Arena, Duisburgo
13%
Philips Stadion, Eindhoven
13%
Stadion am Brentanobad, Fráncfort
13%
Tyresö
13%
Umeå IK
13%
Waldstadion, Fráncfort
13%
Zvezda Perm
13%
Anoeta, San Sebastián
6%
Coliseum Alfonso Pérez, Getafe
6%
Estadio Central, Kazán
6%
Hjørring Stadium, Hjørring
6%
Karl-Liebknecht-Stadion, Potsdam
6%
Mapei Stadium - Città del Tricolore, Reggio Emilia
6%
Meadow Park, Borehamwood
6%
Råsunda, Solna
6%
Turbine Potsdam
6%
No se encontraron pruebas coincidentes
Distribución de puntuación
Porcentaje de gente con cada puntuación
Porcentaje por número respondido
Historial de tus puntuaciones
No has intentado esta prueba desde el último reinicio